Fulham Squad 24/25 - Statistics

General Stats
  • This quiz has been taken 71 times
    53 since last reset
  • The average score is 16 of 23
Answer Stats
# Nation Former Club Answer % Correct
1 Germany Arsenal Bernd Leno
100%
7 Mexico Wolves Raul Jimenez
95%
32 England Arsenal Emile Smith Rowe
90%
2 Netherlands Lyon Kenny Tete
87%
17 Nigeria Everton Alex Iwobi
85%
8 Wales Liverpool Harry Wilson
85%
3 Nigeria Ajax Calvin Bassey
82%
11 Spain Wolves Adama Traore
77%
5 Denmark Crystal Palace Joachim Andersen
77%
9 Brazil Flamengo Rodrigo Muniz
77%
18 Brazil Man United Andreas Pereira
72%
33 USA Wigan Antonee Robinson
72%
31 France West Ham Issa Diop
72%
20 Serbia Torino Sasa Lukic
69%
19 England Arsenal Reiss Nelson
67%
6 England Southampton Harrison Reed
62%
30 England Spurs Ryan Sessegnon
62%
16 Norway Burnley Sander Berge
62%
21 Belgium Leicester City Timothy Castagne
62%
10 Scotland Blackburn Rovers Tom Cairney
62%
12 Brazil Benfica Carlos Vinicius
46%
15 Spain Villarreal Jorge Cuenca
41%
23 Germany Swansea City Steven Benda
33%
No matching quizzes found
Score Distribution
Percent of People with Each Score
Percentile by Number Answered
Your Score History
You have not taken this quiz since the last reset